BIOTECHNOLOGYOF PLANT TISSUES (Record no. 216084)

MARC details
000 -LEADER
fixed length control field 00437nam a22001577a 4500
008 - FIXED-LENGTH DATA ELEMENTS--GENERAL INFORMATION
fixed length control field 250915b |||||||| |||| 00| 0 eng d
020 ## - INTERNATIONAL STANDARD BOOK NUMBER
International Standard Book Number 979-8-88715-087-1
100 ## - MAIN ENTRY--PERSONAL NAME
Personal name BURNETT, SUSAN
245 ## - TITLE STATEMENT
Title BIOTECHNOLOGYOF PLANT TISSUES
260 ## - PUBLICATION, DISTRIBUTION, ETC.
Place of publication, distribution, etc. DUBLIN
Name of publisher, distributor, etc. ORYSON PRESS
Date of publication, distribution, etc. 2023
300 ## - PHYSICAL DESCRIPTION
Extent VI, 276P.
500 ## - GENERAL NOTE
General note INCLUDEXS INDEX
650 ## - SUBJECT ADDED ENTRY
Topical term or geographic name entry element 1. PLANT TISSUE CULTURE 2.PLANT BIOTECHNOLOGY
942 ## - ADDED ENTRY ELEMENTS (KOHA)
Source of classification or shelving scheme Library of Congress Classification
Koha item type Long Loan Book
Holdings
Withdrawn status Lost status Source of classification or shelving scheme Damaged status Not for loan Home library Current library Date acquired Inventory number Total checkouts Full call number Barcode Date last seen Copy number Price effective from Koha item type
    Library of Congress Classification     Kisii University Library Kisii University Library 09/15/2025 109513   QK 725. B87 2023 C.1 000000021265 09/15/2025 1 09/15/2025 Long Loan Book
    Library of Congress Classification     Kisii University Library Kisii University Library 09/15/2025 109514   QK 725. B87 2023 C.1 000000024357 09/15/2025 2 09/15/2025 Long Loan Book
    Library of Congress Classification     Kisii University Library Kisii University Library 09/15/2025 109515   QK 725. B87 2023 000000024356 09/15/2025 3 09/15/2025 Long Loan Book
    Library of Congress Classification     Kisii University Library Kisii University Library 09/15/2025 109516   QK 725. B87 2023 000000021264 09/15/2025 4 09/15/2025 Long Loan Book